[Event "CZE-chT2C 1718"]
[Site "Czech Republic"]
[Date "2018.02.25"]
[Round "9.3"]
[White "Blazek, Jiri"]
[Black "Chmiel, Pavel"]
[Result "1/2-1/2"]
[WhiteElo "2201"]
[BlackElo "2208"]
[PlyCount "154"]
[EventDate "2017.10.15"]
[EventType "team-tourn"]
[EventRounds "11"]
[EventCountry "CZE"]
[SourceTitle "EXT 2022"]
[Source "ChessBase"]
[SourceDate "2021.10.06"]
[SourceVersion "1"]
[SourceVersionDate "2021.10.06"]
[SourceQuality "1"]
[WhiteTeam "Tabor"]
[BlackTeam "Kolin"]
[WhiteTeamCountry "CZE"]
[BlackTeamCountry "CZE"]

1. d4 Nf6 2. c4 c5 3. d5 b5 4. cxb5 a6 5. bxa6 g6 6. Nc3 d6 7. Nf3 Bg7 8. e4 0-0 9. Bd3 Bxa6 10. Bxa6 Nxa6 11. 0-0 Qb6 12. Re1 Nd7 13. Re2 Ne5 14. Nxe5 Bxe5 15. Bg5 Rfe8 16. Rc1 Nc7 17. Kh1 Qb4 18. Rcc2 Bg7 19. h3 h6 20. Bf4 Kh7 21. Bg3 e5 22. dxe6 Nxe6 23. Nd5 Qb7 24. Bxd6 Nd4 25. Nc7 Nxe2 26. Rxe2 Red8 27. Nxa8 Qxa8 28. e5 Qxa2 29. b4 Qc4 30. bxc5 Qxc5 31. Qb3 Qc1+ 32. Kh2 Qf4+ 33. g3 Qf5 34. Qb6 Re8 35. Qc6 Re6 36. Qe4 Qxe4 37. Rxe4 g5 38. f4 Kg6 39. Kg2 gxf4 40. gxf4 Kf5 41. Kf3 h5 42. Rc4 Bh6 43. Rc7 f6 44. Rc5 fxe5 45. Bxe5 Kg6 46. Bc3 Re7 47. Rc6+ Kh7 48. Be5 Bg7 49. Rc7 Rxc7 50. Bxc7 Kg6 51. Ke4 Bf6 52. Bd6 Bc3 53. Be7 Bb2 54. Bc5 Bc3 55. Be7 Bb2 56. f5+ Kf7 57. Bg5 Bc3 58. Kf3 Ba5 59. Ke4 Bc3 60. Be3 Bf6 61. Kf4 Bd8 62. Bd4 Be7 63. Be5 Bd8 64. Ke4 Bg5 65. Kf3 Be7 66. Kg3 Bd8 67. h4 Be7 68. Bf4 Bd8 69. Bg5 Bc7+ 70. Kf3 Bd6 71. Ke4 Bc7 72. Bf4 Bd8 73. Bg5 Bc7 74. Kd5 Bg3 75. Ke4 Bc7 76. f6 Ke6 77. Kd4 Be5+ 1/2-1/2

[Event "CZE-chT2C 1617"]
[Site "Czech Republic"]
[Date "2017.01.15"]
[Round "6.2"]
[White "Neckar, Lubomir"]
[Black "Chmiel, Pavel"]
[Result "1/2-1/2"]
[WhiteElo "2318"]
[BlackElo "2208"]
[PlyCount "36"]
[EventDate "2016.10.09"]
[EventType "team-tourn"]
[EventRounds "11"]
[EventCountry "CZE"]
[SourceTitle "EXT 2022"]
[Source "ChessBase"]
[SourceDate "2021.10.06"]
[SourceVersion "1"]
[SourceVersionDate "2021.10.06"]
[SourceQuality "1"]
[WhiteTeam "Lysa nad Labem IV"]
[BlackTeam "Kolin"]
[WhiteTeamCountry "CZE"]
[BlackTeamCountry "CZE"]

1. Nf3 c5 2. g3 g6 3. Bg2 Bg7 4. c4 Nc6 5. Nc3 e6 6. e3 Nge7 7. 0-0 0-0 8. d4 cxd4 9. Nxd4 d5 10. cxd5 exd5 11. Nde2 d4 12. exd4 Nxd4 13. Nxd4 Qxd4 14. Qxd4 Bxd4 15. Rd1 Bxc3 16. bxc3 Nc6 17. Bh6 Re8 18. Rd6 Be6 1/2-1/2

[Event "CZE-chT2C 1516"]
[Site "Czech Republic"]
[Date "2016.04.03"]
[Round "10.3"]
[White "Miesbauer, Jan"]
[Black "Chmiel, Pavel"]
[Result "1/2-1/2"]
[WhiteElo "2217"]
[BlackElo "2217"]
[PlyCount "81"]
[EventDate "2015.10.18"]
[EventType "team-tourn"]
[EventRounds "11"]
[EventCountry "CZE"]
[SourceTitle "EXT 2022"]
[Source "ChessBase"]
[SourceDate "2021.10.06"]
[SourceVersion "1"]
[SourceVersionDate "2021.10.06"]
[SourceQuality "1"]
[WhiteTeam "Pisek"]
[BlackTeam "Kolin"]
[WhiteTeamCountry "CZE"]
[BlackTeamCountry "CZE"]

1. d4 Nf6 2. c4 c5 3. d5 b5 4. cxb5 a6 5. bxa6 d6 6. e4 g6 7. Nc3 Bg7 8. Nf3 0-0 9. Bf4 Qb6 10. Qc2 Nbd7 11. e5 Nh5 12. Bg5 Nxe5 13. Nxe5 Bxe5 14. Be2 Nf4 15. Bxf4 Bxf4 16. Qb3 Qa5 17. Qa4 Qxa4 18. Nxa4 Bxa6 19. Nb6 Ra7 20. Bxa6 Rxa6 21. Nc4 Rb8 22. Ke2 Bg5 23. Rhd1 Rb4 24. Kd3 e6 25. a3 Rb8 26. Kc2 Bf6 27. Rab1 Bd4 28. Ne3 Rab6 29. b4 Ra6 30. Rb3 Rba8 31. dxe6 fxe6 32. b5 Rxa3 33. Rxa3 Rxa3 34. Rb1 Bxe3 35. fxe3 Kf7 36. b6 Ra8 37. Kc3 d5 38. Rb5 Rb8 39. e4 Ke7 40. exd5 exd5 41. Rxc5 1/2-1/2

[Event "CZE-chT2C 1516"]
[Site "Czech Republic"]
[Date "2015.12.06"]
[Round "4.3"]
[White "Chmiel, Pavel"]
[Black "Polak, Benedikt"]
[Result "1/2-1/2"]
[WhiteElo "2217"]
[BlackElo "2121"]
[PlyCount "32"]
[EventDate "2015.10.18"]
[EventType "team-tourn"]
[EventRounds "11"]
[EventCountry "CZE"]
[SourceTitle "EXT 2022"]
[Source "ChessBase"]
[SourceDate "2021.10.06"]
[SourceVersion "1"]
[SourceVersionDate "2021.10.06"]
[SourceQuality "1"]
[WhiteTeam "Kolin"]
[BlackTeam "Kutna Hora"]
[WhiteTeamCountry "CZE"]
[BlackTeamCountry "CZE"]

1. d4 Nf6 2. c4 e6 3. Nc3 Bb4 4. e3 0-0 5. Nge2 d5 6. a3 Bd6 7. Ng3 b6 8. cxd5 exd5 9. Be2 Re8 10. 0-0 Ba6 11. Bxa6 Nxa6 12. Qf3 Bxg3 13. Qxg3 Ne4 14. Nxe4 Rxe4 15. Bd2 Qd7 16. Rae1 Rae8 1/2-1/2

[Event "CZE-chT2C 1314"]
[Site "Czech Republic"]
[Date "2014.01.19"]
[Round "6.2"]
[White "Chmiel, Pavel"]
[Black "Forman, Stepan"]
[Result "0-1"]
[WhiteElo "2236"]
[BlackElo "2310"]
[PlyCount "70"]
[EventDate "2013.11.03"]
[EventType "team-tourn"]
[EventRounds "11"]
[EventCountry "CZE"]
[SourceTitle "EXT 2015"]
[Source "ChessBase"]
[SourceDate "2014.11.20"]
[SourceVersion "1"]
[SourceVersionDate "2014.11.20"]
[SourceQuality "1"]
[WhiteTeam "Kolin"]
[BlackTeam "Ricany"]
[WhiteTeamCountry "CZE"]
[BlackTeamCountry "CZE"]

1. d4 f5 2. Nc3 Nf6 3. Bg5 d5 4. Bxf6 exf6 5. e3 c6 6. a3 Bd6 7. Bd3 Qe7 8. Nge2 Be6 9. Qd2 Nd7 10. Nf4 Bf7 11. Nce2 g6 12. h4 h5 13. Qc1 c5 14. dxc5 Nxc5 15. Bb5+ Kf8 16. g3 a6 17. Bd3 Rc8 18. Qd1 Ne4 19. 0-0 g5 20. Ng2 Rg8 21. Nd4 Qd7 22. Qf3 f4 23. Bxe4 dxe4 24. Qxe4 gxh4 25. Qf5 Qxf5 26. Nxf5 Be5 27. exf4 Bxb2 28. Rab1 Bxa3 29. Ngxh4 Bd5 30. Rfd1 Bc6 31. Nd4 Be4 32. f5 Kf7 33. Ne6 Be7 34. Rd4 Rg4 35. Rbb4 Bxb4 0-1

[Event "CZE-chT2C 1314"]
[Site "Czech Republic"]
[Date "2014.01.05"]
[Round "5.3"]
[White "Chmiel, Pavel"]
[Black "Blazek, Jiri"]
[Result "1/2-1/2"]
[WhiteElo "2236"]
[BlackElo "2171"]
[PlyCount "37"]
[EventDate "2013.11.03"]
[EventType "team-tourn"]
[EventRounds "11"]
[EventCountry "CZE"]
[SourceTitle "EXT 2015"]
[Source "ChessBase"]
[SourceDate "2014.11.20"]
[SourceVersion "1"]
[SourceVersionDate "2014.11.20"]
[SourceQuality "1"]
[WhiteTeam "Kolin"]
[BlackTeam "Tabor"]
[WhiteTeamCountry "CZE"]
[BlackTeamCountry "CZE"]

1. d4 Nf6 2. c4 c5 3. d5 e6 4. Nc3 exd5 5. cxd5 d6 6. e4 g6 7. Nf3 Bg7 8. Be2 Bg4 9. h3 Bxf3 10. Bxf3 0-0 11. 0-0 a6 12. a4 Nbd7 13. Bf4 Qe7 14. Qc2 Rfe8 15. Rfe1 Ne5 16. Be2 Nfd7 17. Bh2 g5 18. Nd1 Ng6 19. Bg4 1/2-1/2

[Event "CZE-chT2C 1112"]
[Site "Czech Republic"]
[Date "2012.01.22"]
[Round "6.2"]
[White "Chmiel, Pavel"]
[Black "Meduna, Eduard"]
[Result "0-1"]
[WhiteElo "2243"]
[BlackElo "2420"]
[PlyCount "82"]
[EventDate "2011.10.09"]
[EventType "team-tourn"]
[EventRounds "11"]
[EventCountry "CZE"]
[SourceTitle "EXT 2013"]
[Source "ChessBase"]
[SourceDate "2012.11.22"]
[SourceVersion "1"]
[SourceVersionDate "2012.11.22"]
[SourceQuality "1"]
[WhiteTeam "Kolin"]
[BlackTeam "Jicin II"]
[WhiteTeamCountry "CZE"]
[BlackTeamCountry "CZE"]

1. d4 Nf6 2. c4 d6 3. Nc3 e5 4. d5 Nbd7 5. e4 Nc5 6. Bd3 Be7 7. b3 0-0 8. Bc2 a5 9. Be3 c6 10. Qd2 cxd5 11. cxd5 b6 12. Nge2 Ba6 13. Rb1 b5 14. Ng3 b4 15. Na4 Nfd7 16. Nf5 Rc8 17. Nxc5 Nxc5 18. f3 g6 19. Nh6+ Kh8 20. g3 Qd7 21. Kf2 Bd8 22. Rbd1 Bb6 23. Kg2 Qb5 24. Bb1 Nd7 25. Rc1 Bxe3 26. Qxe3 Rxc1 27. Rxc1 Nc5 28. f4 f6 29. Ng4 Qe8 30. Nf2 Qe7 31. Bd3 Bb7 32. Bc4 exf4 33. gxf4 g5 34. fxg5 fxg5 35. Ng4 Qxe4+ 36. Qxe4 Nxe4 37. Re1 Rf4 38. h3 Kg7 39. Rf1 Rxf1 40. Kxf1 Nc3 41. Kf2 Nxd5 0-1

[Event "CZE-chT2C 1011"]
[Site "Czech Republic"]
[Date "2011.02.20"]
[Round "8.3"]
[White "Chmiel, Pavel"]
[Black "Karasek, Lukas"]
[Result "0-1"]
[WhiteElo "2262"]
[BlackElo "2183"]
[PlyCount "102"]
[EventDate "2010.10.17"]
[EventType "team-tourn"]
[EventRounds "11"]
[EventCountry "CZE"]
[SourceTitle "EXT 2012"]
[Source "ChessBase"]
[SourceDate "2011.11.24"]
[SourceVersion "1"]
[SourceVersionDate "2011.11.24"]
[SourceQuality "1"]
[WhiteTeam "Kolin"]
[BlackTeam "Pardubice Bohemia"]
[WhiteTeamCountry "CZE"]
[BlackTeamCountry "CZE"]

1. d4 d5 2. c4 e6 3. Nc3 Nf6 4. Nf3 Be7 5. cxd5 exd5 6. Qc2 c6 7. Bf4 g6 8. e3 Bf5 9. Bd3 Bxd3 10. Qxd3 0-0 11. 0-0 Nbd7 12. a3 a5 13. Rfe1 Re8 14. Rad1 Bf8 15. Nd2 Nh5 16. Bg3 Nxg3 17. hxg3 Nf6 18. Nf1 Qc7 19. Qc2 Bd6 20. e4 Nxe4 21. Nxe4 dxe4 22. Rxe4 Rxe4 23. Qxe4 Qe7 24. Qf3 Re8 25. Ne3 Qe4 26. Qxe4 Rxe4 27. Rd3 c5 28. d5 b5 29. b3 Rd4 30. Rc3 Kf8 31. a4 bxa4 32. bxa4 Rxa4 33. Nc4 Ra1+ 34. Kh2 Be7 35. d6 Bf6 36. Rf3 Kg7 37. Ne3 Bd8 38. Rf4 Ra2 39. Nc4 f5 40. Rf3 Rc2 41. Na3 Rd2 42. Nc4 Rd4 43. Rc3 Kf6 44. Ne3 Rxd6 45. Rxc5 a4 46. Rc8 Rd4 47. Ra8 Be7 48. Ra5 Ke6 49. f4 a3 50. Ra6+ Bd6 51. Kh3 Kd7 0-1

[Event "CZE-chT2C 1011"]
[Site "Czech Republic"]
[Date "2011.01.09"]
[Round "5.3"]
[White "Bargel, Martin"]
[Black "Chmiel, Pavel"]
[Result "0-1"]
[WhiteElo "2179"]
[BlackElo "2262"]
[PlyCount "80"]
[EventDate "2010.10.17"]
[EventType "team-tourn"]
[EventRounds "11"]
[EventCountry "CZE"]
[SourceTitle "EXT 2012"]
[Source "ChessBase"]
[SourceDate "2011.11.24"]
[SourceVersion "1"]
[SourceVersionDate "2011.11.24"]
[SourceQuality "1"]
[WhiteTeam "Neratovice"]
[BlackTeam "Kolin"]
[WhiteTeamCountry "CZE"]
[BlackTeamCountry "CZE"]

1. e4 c5 2. Nf3 d6 3. d4 cxd4 4. Nxd4 Nf6 5. Nc3 a6 6. Bg5 e6 7. f4 b5 8. Qf3 Qc7 9. Bxf6 gxf6 10. 0-0-0 b4 11. Nce2 Bb7 12. Ng3 Nd7 13. Kb1 Rc8 14. Bd3 Qb6 15. Nge2 Nc5 16. g4 Bg7 17. f5 e5 18. Nb3 a5 19. Nd2 Nxd3 20. cxd3 Bh6 21. Nc4 Qc5 22. Ng3 Ke7 23. h4 d5 24. exd5 Qxd5 25. Qf2 Qc5 26. Rhf1 Qxf2 27. Rxf2 Rhd8 28. b3 Ba6 29. g5 Bxc4 30. bxc4 Bg7 31. Nh5 Bh8 32. Kc2 Rd4 33. gxf6+ Bxf6 34. Nxf6 Kxf6 35. Rh1 e4 36. dxe4 Rcxc4+ 37. Kb2 Rxe4 38. Rd1 Rcd4 39. Rdd2 Rxd2+ 40. Rxd2 a4 0-1

[Event "CZE-chT2C 1011"]
[Site "Czech Republic"]
[Date "2010.11.21"]
[Round "3.3"]
[White "Petr, Jan"]
[Black "Chmiel, Pavel"]
[Result "1/2-1/2"]
[WhiteElo "2199"]
[BlackElo "2262"]
[PlyCount "20"]
[EventDate "2010.10.17"]
[EventType "team-tourn"]
[EventRounds "11"]
[EventCountry "CZE"]
[SourceTitle "EXT 2012"]
[Source "ChessBase"]
[SourceDate "2011.11.24"]
[SourceVersion "1"]
[SourceVersionDate "2011.11.24"]
[SourceQuality "1"]
[WhiteTeam "Pankrac II"]
[BlackTeam "Kolin"]
[WhiteTeamCountry "CZE"]
[BlackTeamCountry "CZE"]

1. e4 c5 2. Nc3 Nc6 3. d3 e6 4. g3 Nge7 5. Be3 b6 6. Bg2 Bb7 7. Nge2 d6 8. 0-0 a6 9. a3 Qc7 10. Qd2 Rd8 1/2-1/2

[Event "CZE-chT2c 0607"]
[Site "Czech Republic"]
[Date "2007.04.15"]
[Round "11.2"]
[White "Chmiel, Pavel"]
[Black "Juptner, Jan"]
[Result "0-1"]
[WhiteElo "2295"]
[BlackElo "2285"]
[PlyCount "69"]
[EventDate "2006.10.15"]
[EventType "team"]
[EventRounds "11"]
[EventCountry "CZE"]
[SourceTitle "EXT 2008"]
[Source "ChessBase"]
[SourceDate "2007.11.25"]
[SourceVersion "1"]
[SourceVersionDate "2007.11.25"]
[SourceQuality "1"]
[WhiteTeam "Kolin"]
[BlackTeam "Vrchlabi"]
[WhiteTeamCountry "CZE"]
[BlackTeamCountry "CZE"]

1. d4 d5 2. c4 dxc4 3. Nf3 Nf6 4. Nc3 e6 5. e3 a6 6. a4 c5 7. Bxc4 Nc6 8. 0-0 Qc7 9. h3 Be7 10. Qe2 0-0 11. Rd1 Rd8 12. dxc5 Rxd1+ 13. Nxd1 Bxc5 14. Bd2 b6 15. Bc3 Bb7 16. b3 Qe7 17. Ne5 Na5 18. Nb2 Nd5 19. Bxa5 bxa5 20. Bxd5 Bxd5 21. Nbc4 Qf6 22. Rd1 Rd8 23. e4 Bxc4 24. Rxd8+ Qxd8 25. Nxc4 Qd4 26. Nxa5 Qc3 27. Nb7 Bd4 28. Qf3 Qc1+ 29. Kh2 Qc7+ 30. e5 Bxe5+ 31. g3 g6 32. Kg2 a5 33. Kh2 h5 34. h4 Qb6 35. Qe3 0-1

[Event "Czechia KP-chTB 0607"]
[Site "Czech Republic"]
[Date "2006.10.29"]
[Round "1.1"]
[White "Chmiel, Pavel"]
[Black "Dolezal, Karel"]
[Result "1/2-1/2"]
[WhiteElo "2295"]
[BlackElo "2138"]
[PlyCount "21"]
[EventDate "2006.10.29"]
[EventType "team"]
[EventRounds "11"]
[EventCountry "CZE"]
[SourceTitle "EXT 2008"]
[Source "ChessBase"]
[SourceDate "2007.11.25"]
[SourceVersion "1"]
[SourceVersionDate "2007.11.25"]
[SourceQuality "1"]
[WhiteTeam "Brodce"]
[BlackTeam "Podebrady"]
[WhiteTeamCountry "CZE"]
[BlackTeamCountry "CZE"]

1. d4 Nf6 2. c4 g6 3. Nc3 Bg7 4. e4 d6 5. f3 0-0 6. Be3 c5 7. Nge2 cxd4 8. Nxd4 Nc6 9. Qd2 Bd7 10. h4 h5 11. Be2 1/2-1/2

[Event "CZE-chT2V 0203"]
[Site "Czech Republic"]
[Date "2003.??.??"]
[Round "1"]
[White "Chmiel, Pavel"]
[Black "Volak, Michal"]
[Result "0-1"]
[WhiteElo "2287"]
[BlackElo "2151"]
[PlyCount "69"]
[EventDate "2002.10.??"]
[EventType "team"]
[EventRounds "11"]
[EventCountry "CZE"]
[SourceTitle "EXT 2007"]
[Source "ChessBase"]
[SourceDate "2006.11.23"]
[SourceVersion "1"]
[SourceVersionDate "2006.11.23"]
[SourceQuality "1"]
[WhiteTeam "Polabiny III"]
[BlackTeam "Vlasim"]
[WhiteTeamCountry "CZE"]
[BlackTeamCountry "CZE"]

1. d4 Nf6 2. c4 g6 3. Nc3 Bg7 4. e4 d6 5. f3 0-0 6. Be3 e5 7. d5 c6 8. Qd2 cxd5 9. cxd5 a6 10. 0-0-0 b5 11. Kb1 Bd7 12. Bd3 b4 13. Nce2 a5 14. h4 h5 15. Nh3 Na6 16. Rc1 Qb8 17. Ng5 Qb7 18. g4 hxg4 19. f4 Rfc8 20. fxe5 dxe5 21. Ng3 Nh5 22. Nxh5 gxh5 23. Rhf1 Rxc1+ 24. Qxc1 Rc8 25. Bc4 f6 26. d6+ Kh8 27. Rxf6 Bxf6 28. Nf7+ Kh7 29. Qf1 Rxc4 30. Ng5+ Kg7 31. Qxc4 Bb5 32. Ne6+ Kh8 33. Qc2 Qc6 34. Nc5 Qxd6 35. Nb3 0-1

[Event "CZE-chT2V 0203"]
[Site "Czech Republic"]
[Date "2002.??.??"]
[Round "1"]
[White "Chmiel, Pavel"]
[Black "Hlavnicka, Jiri"]
[Result "1/2-1/2"]
[WhiteElo "2287"]
[BlackElo "2256"]
[PlyCount "37"]
[EventDate "2002.10.??"]
[EventType "team"]
[EventRounds "11"]
[EventCountry "CZE"]
[SourceTitle "EXT 2007"]
[Source "ChessBase"]
[SourceDate "2006.11.23"]
[SourceVersion "1"]
[SourceVersionDate "2006.11.23"]
[SourceQuality "1"]
[WhiteTeam "Polabiny III"]
[BlackTeam "AVE Kontakt"]
[WhiteTeamCountry "CZE"]
[BlackTeamCountry "CZE"]

1. d4 d6 2. c4 g6 3. Nc3 Bg7 4. e4 Nd7 5. Be3 e5 6. Nge2 Ne7 7. Qd2 0-0 8. d5 f5 9. f3 f4 10. Bf2 a5 11. Nc1 b6 12. Nd3 Nc5 13. b3 Bd7 14. Rb1 g5 15. a3 Ng6 16. b4 axb4 17. axb4 Nxd3+ 18. Qxd3 g4 19. Kd2 1/2-1/2

[Event "Trinec op"]
[Site "Trinec"]
[Date "2001.12.30"]
[Round "6"]
[White "Chmiel, Pavel"]
[Black "Sergeev, Vladimir"]
[Result "1/2-1/2"]
[WhiteElo "2268"]
[BlackElo "2506"]
[PlyCount "36"]
[EventDate "2001.12.27"]
[EventType "swiss"]
[EventRounds "9"]
[EventCountry "CZE"]
[SourceTitle "EXT 2003"]
[Source "ChessBase"]
[SourceDate "2002.11.25"]
[SourceVersion "1"]
[SourceVersionDate "2002.11.25"]
[SourceQuality "1"]

1. d4 Nf6 2. c4 d6 3. Nc3 e5 4. d5 Be7 5. e4 0-0 6. Bd3 c6 7. Nge2 a6 8. Ng3 a5 9. h3 Na6 10. Be3 Nc5 11. 0-0 cxd5 12. cxd5 Ne8 13. Na4 b6 14. Nxc5 bxc5 15. Qd2 a4 16. b4 axb3 17. axb3 Rb8 18. Rfb1 Rb4 1/2-1/2

[Event "CZE-chT 9899"]
[Site "Czech Republic"]
[Date "1999.02.14"]
[Round "7"]
[White "Chmiel, Pavel"]
[Black "Fuksik, Jakub"]
[Result "1/2-1/2"]
[WhiteElo "2275"]
[BlackElo "2293"]
[PlyCount "144"]
[EventDate "1998.10.31"]
[EventType "team-tourn"]
[EventRounds "11"]
[EventCountry "CZE"]
[SourceTitle "EXT 2019"]
[Source "ChessBase"]
[SourceDate "2018.10.10"]
[SourceVersion "1"]
[SourceVersionDate "2018.10.10"]
[SourceQuality "1"]
[WhiteTeam "Trinec"]
[BlackTeam "Grygov A64 Valoz"]
[WhiteTeamCountry "CZE"]
[BlackTeamCountry "CZE"]

1. d4 d5 2. c4 c6 3. Nf3 Nf6 4. Nc3 a6 5. cxd5 cxd5 6. Bg5 Ne4 7. e3 Nc6 8. Qb3 Nxg5 9. Nxg5 e6 10. f4 Be7 11. Nf3 0-0 12. Bd3 f5 13. 0-0 Bd7 14. Rfc1 b5 15. Nxd5 exd5 16. Qxd5+ Kh8 17. Rxc6 Bxc6 18. Qxc6 Rf6 19. Qc2 Rc8 20. Qb3 Qg8 21. Qxg8+ Kxg8 22. Ne5 g6 23. a4 b4 24. Bc4+ Kg7 25. b3 a5 26. Kf2 Rc7 27. Kf3 h5 28. g3 Rf8 29. Rd1 Bd6 30. d5 Rfc8 31. Nc6 Rxc6 32. dxc6 Rxc6 33. Rd5 Bc7 34. Rd7+ Kh6 35. h4 Bb6 36. e4 fxe4+ 37. Kxe4 Rc7 38. Rd6 Re7+ 39. Be6 Bc7 40. Rc6 Kg7 41. Kd5 Bd8 42. Rc8 Bb6 43. f5 gxf5 44. Rg8+ Kh7 45. Rg5 Kh6 46. Rxf5 Rg7 47. Kc6 Bd8 48. Rf8 Be7 49. Rh8+ Kg6 50. Bc4 Bf6 51. Bd3+ Kf7 52. Rxh5 Rxg3 53. Bc4+ Ke7 54. Rxa5 Bxh4 55. Ra7+ Kd8 56. Ra8+ Ke7 57. Kb5 Rg5+ 58. Kxb4 Be1+ 59. Ka3 Kd6 60. Re8 Rg1 61. Rd8+ Kc5 62. Rd5+ Kc6 63. a5 Bg3 64. b4 Bd6 65. Rd2 Rb1 66. Bb3 Kb5 67. Ka2 Rg1 68. Rxd6 Kxb4 69. a6 Rg2+ 70. Ka1 Kxb3 71. Rb6+ Ka3 72. Kb1 Rg8 1/2-1/2

[Event "CZE-chT 9495"]
[Site "Czech Republic"]
[Date "1995.03.11"]
[Round "9"]
[White "Chmiel, Pavel"]
[Black "Orsag, Milan"]
[Result "0-1"]
[WhiteElo "2280"]
[BlackElo "2390"]
[PlyCount "70"]
[EventDate "1994.10.15"]
[EventType "team-tourn"]
[EventRounds "9"]
[EventCountry "CZE"]
[SourceTitle "EXT 2019"]
[Source "ChessBase"]
[SourceDate "2018.10.10"]
[SourceVersion "1"]
[SourceVersionDate "2018.10.10"]
[SourceQuality "1"]
[WhiteTeam "Karvina SK Banik CSA "]
[BlackTeam "Praha Dukla"]
[WhiteTeamCountry "CZE"]
[BlackTeamCountry "CZE"]

1. d4 Nf6 2. c4 g6 3. Nc3 Bg7 4. e4 d6 5. f3 0-0 6. Be3 e5 7. d5 Nh5 8. Qd2 f5 9. 0-0-0 a6 10. Kb1 Nd7 11. Nge2 b5 12. cxb5 axb5 13. Nxb5 Ba6 14. Na7 fxe4 15. Nc3 Bxf1 16. Rhxf1 exf3 17. Rxf3 Rxf3 18. gxf3 Qf6 19. Ncb5 Rb8 20. a4 Qxf3 21. Nc6 Rb7 22. Nd8 Rb8 23. Ne6 Rb7 24. Nc3 Nb6 25. Bxb6 cxb6 26. Nb5 Bf8 27. Nd8 Rd7 28. Ne6 Bh6 29. Qc2 Qf5 30. Rd3 Bf8 31. Ka2 Nf4 32. Qc8 Nxd3 33. Qxd7 Qf2 34. Kb3 Qxb2+ 35. Kc4 e4 0-1

[Event "CZE-chT 9495"]
[Site "Czech Republic"]
[Date "1995.02.12"]
[Round "8"]
[White "Trichkov, Vasil"]
[Black "Chmiel, Pavel"]
[Result "1-0"]
[WhiteElo "2415"]
[BlackElo "2280"]
[PlyCount "71"]
[EventDate "1994.10.15"]
[EventType "team-tourn"]
[EventRounds "9"]
[EventCountry "CZE"]
[SourceTitle "EXT 2019"]
[Source "ChessBase"]
[SourceDate "2018.10.10"]
[SourceVersion "1"]
[SourceVersionDate "2018.10.10"]
[SourceQuality "1"]
[WhiteTeam "Praha Bohemians"]
[BlackTeam "Karvina SK Banik CSA "]
[WhiteTeamCountry "CZE"]
[BlackTeamCountry "CZE"]

1. d4 d5 2. Nf3 Nf6 3. c4 e6 4. g3 Be7 5. Bg2 0-0 6. Qc2 h6 7. 0-0 Nbd7 8. Rd1 c6 9. Nbd2 Re8 10. e4 dxe4 11. Nxe4 Nxe4 12. Qxe4 Bf6 13. Be3 Qe7 14. Qc2 a5 15. Nd2 g6 16. d5 exd5 17. cxd5 cxd5 18. Bxd5 Ne5 19. Bc5 Qd7 20. Nc4 Ra6 21. Nd6 Rf8 22. f4 Rxd6 23. Bxd6 Qxd6 24. Bxf7+ Nxf7 25. Qxg6+ Kh8 26. Rxd6 Nxd6 27. Qxh6+ Kg8 28. Qg6+ Kh8 29. Rd1 Ne8 30. g4 Bxg4 31. Qxg4 Rg8 32. h3 b6 33. b3 Nc7 34. Rd6 Rxg4+ 35. hxg4 Bb2 36. Rd8+ 1-0

[Event "CSR-chT"]
[Site "Czechoslovakia"]
[Date "1992.??.??"]
[Round "?"]
[White "Chmiel, Pavel"]
[Black "Tibensky, Robert"]
[Result "1/2-1/2"]
[WhiteElo "2295"]
[BlackElo "2365"]
[PlyCount "45"]
[EventDate "1992.??.??"]
[EventType "team"]
[EventRounds "13"]
[EventCountry "CSR"]
[SourceTitle "TD"]
[Source "ChessBase"]
[SourceDate "1994.03.01"]
[SourceVersion "1"]
[SourceVersionDate "1994.03.01"]
[SourceQuality "1"]

1. d4 d5 2. c4 e6 3. Nc3 Nf6 4. Bg5 Be7 5. e3 h6 6. Bh4 0-0 7. cxd5 exd5 8. Bd3 c6 9. Nge2 Nbd7 10. f3 Re8 11. Bf2 Bf8 12. Qd2 a5 13. a4 Nb6 14. g4 c5 15. Kf1 cxd4 16. Nxd4 Nfd7 17. h3 Ne5 18. b3 Bb4 19. Be2 Bd7 20. Qb2 Qf6 21. f4 Nc6 22. Ncb5 Nxd4 23. Qxd4 1/2-1/2